000 00498nam a2200169 a 4500
001 3275
003 CO-ViMGA
008 141112s2004 ck r 000 u spa d
040 _aCO-ViMGA
_bspa
_cCO-ViMGA
082 0 4 _a378 L824
100 1 _aLucio, Ricardo
_952793
245 1 0 _aLa educación superior :
_btendencias y políticas estatales /
_cMariana Serrano Ricardo Lucio
260 _aBogotá :
_bTercermundo,
_c1992
300 _a328 p
650 1 4 _aeducación SUPERIOR
_952794
942 _2ddc
_cBK
999 _c15325
_d15325